[Event "Winnipeg op"]
[Site "Winnipeg CAN"]
[Date "2026.02.15"]
[Round "3.4"]
[White "Orcullo, Fernando"]
[Black "Fehr, Brody"]
[Result "0-1"]
[WhiteElo "2018"]
[BlackElo "2044"]
[WhiteFideId "-1"]
[BlackFideId "-1"]
[PlyCount "144"]
[GameId "2285889403351463"]
[EventDate "2026.02.14"]
[EventType "swiss"]
[EventRounds "5"]
[EventCountry "CAN"]

1. e4 c5 2. c4 Nc6 3. d3 g6 4. Nc3 Bg7 5. Be3 d6 6. f4 e6 7. Nf3 Nd4 8. Be2 Ne7 9. O-O Nec6 10. Rc1 h5 11. Ng5 Bf6 12. h4 Kf8 13. Bf3 Kg7 14. a3 a6 15. Rb1 Rb8 16. Ne2 b5 17. Nxd4 Bxd4 18. Bxd4+ Nxd4 19. g3 bxc4 20. dxc4 Rb3 21. Kh2 Qb6 22. Rf2 f6 23. Nh3 Nxf3+ 24. Rxf3 Rxb2+ 25. Rxb2 Qxb2+ 26. Rf2 Qd4 27. Rd2 Qxe4 28. Rxd6 Bb7 29. Rd7+ Kh6 30. Qf1 Qc2+ 31. Kg1 Rh7 32. Rd8 Bc6 33. Ng5 Rd7 34. Nxe6 Rxd8 35. Nxd8 Be4 36. Nf7+ Kg7 37. Nd6 Bc6 38. Nc8 Qc3 39. Kh2 Qb2+ 40. Kg1 Kf8 41. Qf2 Qb1+ 42. Qf1 Qe4 43. Kh2 Qd4 44. Qe2 Be4 45. Nd6 f5 46. Nxe4 fxe4 47. Kg2 Ke7 48. g4 Qd3 49. Qb2 Qf3+ 50. Kh2 Qxf4+ 51. Kh1 Kf7 52. Qb7+ Ke6 53. Qc6+ Ke7 54. Qxc5+ Qd6 55. Qg5+ Kd7 56. gxh5 Qd1+ 57. Kg2 Qf3+ 58. Kg1 gxh5 59. Qd5+ Ke7 60. Qb7+ Kf8 61. Qc8+ Kf7 62. Qb7+ Ke6 63. Qxa6+ Ke5 64. Qa5+ Kd4 65. Qd5+ Kc3 66. c5 Qg3+ 67. Kf1 Qd3+ 68. Qxd3+ exd3 69. c6 d2 70. Ke2 Kc2 71. Ke3 d1=Q 72. Ke4 Qh1+ 0-1

[Event "Winnipeg op"]
[Site "Winnipeg CAN"]
[Date "2026.02.15"]
[Round "3.5"]
[White "Hamm, Gabriel"]
[Black "Moncal, Nilo"]
[Result "0-1"]
[WhiteElo "2044"]
[BlackElo "2034"]
[WhiteFideId "-1"]
[BlackFideId "-1"]
[PlyCount "108"]
[GameId "2285889403351464"]
[EventDate "2026.02.14"]
[EventType "swiss"]
[EventRounds "5"]
[EventCountry "CAN"]

1. e4 e6 2. d4 c5 3. d5 d6 4. c4 e5 5. Nc3 Nf6 6. Nf3 Bg4 7. Bd3 a6 8. h3 Bh5 9. g4 Bg6 10. a3 Be7 11. b4 Nbd7 12. Qe2 O-O 13. Rb1 Rb8 14. O-O h5 15. Nh2 hxg4 16. hxg4 Nh7 17. Be3 Bg5 18. Kg2 Qf6 19. Rh1 Bf4 20. Nf3 Ng5 21. Nh4 Rfc8 22. f3 Bxe3 23. Qxe3 cxb4 24. axb4 b5 25. Qa7 bxc4 26. Be2 Nf8 27. Qxa6 Ra8 28. Qb6 Qf4 29. Qxd6 Ra3 30. Rhc1 Rxc3 31. Rxc3 Nxe4 32. fxe4 Bxe4+ 33. Kh3 Bxb1 34. Rf3 Qe4 35. Rf2 Qe3+ 36. Kg2 Be4+ 37. Bf3 c3 38. Qa6 c2 39. Qxc8 c1=Q 40. Qxc1 Bxf3+ 41. Rxf3 Qxc1 42. Nf5 Qb2+ 43. Kg3 Qxb4 44. d6 f6 45. g5 Kf7 46. gxf6 gxf6 47. Kf2 Qd2+ 48. Kg3 Qg5+ 49. Kh2 Ke6 50. Ng3 e4 51. Nxe4 Qh4+ 52. Kg2 Qxe4 53. Kf2 Qd4+ 54. Ke2 Qxd6 0-1

[Event "Winnipeg op"]
[Site "Winnipeg CAN"]
[Date "2026.02.15"]
[Round "3.6"]
[White "Wang, Lucas"]
[Black "Punay, Rhailey"]
[Result "1-0"]
[WhiteElo "1946"]
[BlackElo "2017"]
[WhiteFideId "-1"]
[BlackFideId "-1"]
[PlyCount "95"]
[GameId "2285889403351465"]
[EventDate "2026.02.14"]
[EventType "swiss"]
[EventRounds "5"]
[EventCountry "CAN"]

1. d4 Nf6 2. c4 g6 3. Nf3 Bg7 4. Nc3 O-O 5. e4 d6 6. Be2 e5 7. d5 a5 8. h3 Na6 9. Be3 b6 10. a3 Nc5 11. Nd2 Bd7 12. b4 Ncxe4 13. Ndxe4 Nxe4 14. Nxe4 f5 15. Nc3 f4 16. Bc1 e4 17. Bb2 e3 18. O-O axb4 19. axb4 Rxa1 20. Bxa1 exf2+ 21. Rxf2 Qf6 22. Bb2 Qh4 23. Bg4 Bxg4 24. hxg4 h5 25. gxh5 g5 26. Ne4 Bxb2 27. Rxb2 g4 28. Nf2 f3 29. Qd4 Qxh5 30. Qxg4+ Qxg4 31. Nxg4 Rf4 32. Ne3 Re4 33. Rb3 fxg2 34. Kxg2 Kf7 35. Kf3 Re5 36. Ra3 Ke7 37. Ng4 Rf5+ 38. Ke4 Rf1 39. Ne3 Rc1 40. Ra7 Kd7 41. Ra8 b5 42. cxb5 Rb1 43. Nc2 Rc1 44. Nd4 Ke7 45. Nc6+ Kf6 46. Rc8 Re1+ 47. Kf3 Rd1 48. Rxc7 1-0

[Event "Winnipeg op"]
[Site "Winnipeg CAN"]
[Date "2026.02.15"]
[Round "3.7"]
[White "Pottinger, Carl"]
[Black "Bilugan, Mason"]
[Result "0-1"]
[WhiteElo "1833"]
[BlackElo "2005"]
[WhiteFideId "-1"]
[BlackFideId "-1"]
[PlyCount "84"]
[GameId "2285889403355562"]
[EventDate "2026.02.14"]
[EventType "swiss"]
[EventRounds "5"]
[EventCountry "CAN"]

1. d4 Nf6 2. Bf4 d6 3. Nc3 g6 4. e4 Bg7 5. Qd2 c6 6. Bh6 Bxh6 7. Qxh6 Qa5 8. Bd3 Be6 9. Nge2 Nbd7 10. O-O Ng4 11. Qf4 g5 12. Qd2 O-O-O 13. a3 f6 14. b4 Qc7 15. d5 cxd5 16. exd5 Bf7 17. Nb5 Qb8 18. c4 Rdg8 19. Rac1 Nde5 20. Bf5+ Kd8 21. Nbd4 h5 22. Ne6+ Ke8 23. N2d4 h4 24. Qd1 Bh5 25. Qa4+ Kf7 26. c5 dxc5 27. Nxc5 Nxh2 28. Be6+ Kg7 29. Nf5+ Kh7 30. Bxg8+ Rxg8 31. d6 exd6 32. Nd7 Nhf3+ 33. Kh1 Qd8 34. Nxe5 dxe5 35. gxf3 Bxf3+ 36. Kg1 h3 37. Qc2 Kh8 38. Ne3 Qd4 39. Qc4 Qd7 40. Kh2 g4 41. Qc7 g3+ 42. fxg3 Qd2+ 0-1

[Event "Winnipeg op"]
[Site "Winnipeg CAN"]
[Date "2026.02.15"]
[Round "3.8"]
[White "Jin, Winston"]
[Black "Nagelberg, Alan"]
[Result "0-1"]
[WhiteElo "1792"]
[BlackElo "1970"]
[WhiteFideId "-1"]
[BlackFideId "-1"]
[PlyCount "42"]
[GameId "2285889403355563"]
[EventDate "2026.02.14"]
[EventType "swiss"]
[EventRounds "5"]
[EventCountry "CAN"]

1. e4 e5 2. Nf3 Nc6 3. Bc4 Nf6 4. d3 h6 5. c3 d6 6. O-O g5 7. d4 g4 8. dxe5 gxf3 9. exf6 Ne5 10. Bf4 Qxf6 11. Bxe5 dxe5 12. Qxf3 Qxf3 13. gxf3 Bh3 14. Re1 Rg8+ 15. Kh1 Bg2+ 16. Kg1 Bh3+ 17. Kh1 Bg2+ 18. Kg1 Bc5 19. h4 Bxf3+ 20. Kf1 Rg2 21. Na3 Rh2 0-1

[Event "Winnipeg op"]
[Site "Winnipeg CAN"]
[Date "2026.02.15"]
[Round "3.9"]
[White "Kuryliw, Ray"]
[Black "Ling, Aiden"]
[Result "1-0"]
[WhiteElo "1894"]
[BlackElo "1771"]
[WhiteFideId "-1"]
[BlackFideId "-1"]
[PlyCount "63"]
[GameId "2285889403355564"]
[EventDate "2026.02.14"]
[EventType "swiss"]
[EventRounds "5"]
[EventCountry "CAN"]

1. d4 d5 2. Bf4 e6 3. Nf3 c5 4. e3 Nc6 5. c3 Nf6 6. Bd3 Be7 7. Ne5 O-O 8. Nd2 Nxe5 9. Bxe5 cxd4 10. exd4 Bd6 11. Bg3 Re8 12. Nf3 a6 13. Ne5 b5 14. a3 h6 15. O-O Qc7 16. Re1 Bb7 17. f4 Ne4 18. Qf3 Bxe5 19. fxe5 Nd2 20. Qg4 Qe7 21. Bf4 Nb3 22. Bxh6 Qf8 23. Rad1 f6 24. exf6 Qxf6 25. Bg5 Qf7 26. Rf1 Qc7 27. Qh5 g6 28. Qxg6+ Qg7 29. Rf7 Qxg6 30. Bxg6 Bc6 31. Bh5 Red8 32. Rdf1 1-0

[Event "Winnipeg op"]
[Site "Winnipeg CAN"]
[Date "2026.02.15"]
[Round "3.10"]
[White "Zhang, Nicole"]
[Black "Bonness, Will"]
[Result "0-1"]
[WhiteElo "1844"]
[BlackElo "1890"]
[WhiteFideId "-1"]
[BlackFideId "-1"]
[PlyCount "114"]
[GameId "2285889403359661"]
[EventDate "2026.02.14"]
[EventType "swiss"]
[EventRounds "5"]
[EventCountry "CAN"]

1. e4 d5 2. exd5 Qxd5 3. Nc3 Qd8 4. Nf3 Nf6 5. d4 Bg4 6. Be2 e6 7. O-O c6 8. h3 Bxf3 9. Bxf3 Be7 10. Re1 O-O 11. Bf4 Nbd7 12. Ne4 Nd5 13. Bg3 N7f6 14. c4 Nxe4 15. Bxe4 Nf6 16. Bc2 b5 17. b3 Qd7 18. Qd3 g6 19. Be5 Nh5 20. g4 Ng7 21. Qe3 Bd6 22. Rad1 Rfe8 23. h4 Bxe5 24. dxe5 Qe7 25. Qh6 Rad8 26. Kg2 Rxd1 27. Rxd1 Rd8 28. Rh1 Rd4 29. f3 Qd8 30. Kg3 Rd2 31. Be4 Qd4 32. Qg5 Qf2+ 33. Kf4 Rd4 34. Qf6 h5 35. Kg5 hxg4 36. Kh6 Qe3+ 37. Qg5 Qxg5+ 38. Kxg5 gxf3 39. Bxf3 bxc4 40. Bxc6 cxb3 41. axb3 Rd3 42. Ra1 Rxb3 43. Rxa7 Rc3 44. Ra8+ Kh7 45. Be4 Rg3+ 46. Kf6 Rg4 47. Ra4 Rf4+ 48. Kg5 Rf1 49. Ra3 Nh5 50. Ra2 Re1 51. Bf3 Rxe5+ 52. Kg4 Nf6+ 53. Kg3 Kg7 54. Ra7 Rc5 55. Kf4 Rc4+ 56. Kg3 Ne4+ 57. Kg2 Nd2 0-1

[Event "Winnipeg op"]
[Site "Winnipeg CAN"]
[Date "2026.02.15"]
[Round "3.11"]
[White "Kim, Sunyo"]
[Black "Minano, John"]
[Result "1/2-1/2"]
[WhiteElo "1757"]
[BlackElo "1711"]
[WhiteFideId "-1"]
[BlackFideId "-1"]
[PlyCount "97"]
[GameId "2285889403359662"]
[EventDate "2026.02.14"]
[EventType "swiss"]
[EventRounds "5"]
[EventCountry "CAN"]

1. d4 f5 2. c4 e6 3. Nc3 Bb4 4. Bd2 Nf6 5. a3 Bxc3 6. Bxc3 O-O 7. e3 b6 8. Be2 Bb7 9. Bf3 Ne4 10. Ne2 Nxc3 11. Nxc3 Bxf3 12. Qxf3 Nc6 13. O-O Na5 14. Qe2 d5 15. cxd5 exd5 16. g3 Qd7 17. b4 Nc4 18. Rfc1 c6 19. a4 a6 20. Rc2 Rae8 21. Qd3 Ra8 22. Rca2 g5 23. e4 f4 24. exd5 cxd5 25. Rc2 b5 26. axb5 axb5 27. Rca2 Rxa2 28. Rxa2 f3 29. Nxb5 Qh3 30. Qf1 Qxf1+ 31. Kxf1 Rb8 32. Nc3 Rxb4 33. Ke1 Rb3 34. Rc2 Kf7 35. Kd1 Ke6 36. Rc1 Rb2 37. Rc2 Rxc2 38. Kxc2 Ne3+ 39. Kd3 Nf1 40. h4 gxh4 41. gxh4 h5 42. Nd1 Kf5 43. Nc3 Ke6 44. Nb5 Kd7 45. Nc3 Ke6 46. Nb5 Kd7 47. Nc3 Ke6 48. Nd1 Kf5 49. Nc3 1/2-1/2

[Event "Winnipeg op"]
[Site "Winnipeg CAN"]
[Date "2026.02.15"]
[Round "3.12"]
[White "Limpright, Joshua"]
[Black "Lake, Pablo"]
[Result "0-1"]
[WhiteElo "1708"]
[BlackElo "1707"]
[WhiteFideId "-1"]
[BlackFideId "-1"]
[PlyCount "104"]
[GameId "2285889403359663"]
[EventDate "2026.02.14"]
[EventType "swiss"]
[EventRounds "5"]
[EventCountry "CAN"]

1. d4 f5 2. Nf3 g6 3. Bf4 Bg7 4. e3 Nf6 5. c3 O-O 6. Nbd2 d6 7. Bc4+ Kh8 8. Qe2 Qe8 9. O-O-O a6 10. Rde1 d5 11. Bb3 a5 12. Bxc7 a4 13. Bc2 a3 14. Ne5 axb2+ 15. Kxb2 Nc6 16. Qb5 Nxe5 17. Qxe8 Nc4+ 18. Nxc4 Nxe8 19. Nb6 Nxc7 20. Nxa8 Nxa8 21. h4 h6 22. Bb3 e6 23. Rc1 Nb6 24. f4 Bd7 25. c4 dxc4 26. Bxc4 Nxc4+ 27. Rxc4 Bc6 28. Rg1 Ra8 29. g3 Bd5 30. Rc2 Rxa2+ 31. Kc3 Rxc2+ 32. Kxc2 Bf8 33. Ra1 Kg7 34. Kd3 Be7 35. Rc1 Bc6 36. Kc4 g5 37. hxg5 hxg5 38. Rc2 Kg6 39. Rh2 b5+ 40. Kc3 b4+ 41. Kc4 Bd5+ 42. Kd3 b3 43. Kc3 Ba3 44. Re2 b2 45. Rxb2 Bxb2+ 46. Kxb2 gxf4 47. gxf4 Kh5 48. Kc3 Kg4 49. Kd2 Kf3 50. Kd3 Be4+ 51. Kd2 Kf2 52. d5 exd5 0-1

[Event "Winnipeg op"]
[Site "Winnipeg CAN"]
[Date "2026.02.15"]
[Round "4.1"]
[White "Zhou, Joe"]
[Black "Gres, Yakiv"]
[Result "0-1"]
[WhiteElo "1918"]
[BlackElo "2174"]
[WhiteFideId "-1"]
[BlackFideId "-1"]
[PlyCount "50"]
[GameId "2285889403363760"]
[EventDate "2026.02.14"]
[EventType "swiss"]
[EventRounds "5"]
[EventCountry "CAN"]

1. Nf3 d5 2. e3 Nf6 3. c4 e6 4. Nc3 c5 5. cxd5 exd5 6. d4 Nc6 7. Be2 c4 8. O-O Bd6 9. b3 cxb3 10. Qxb3 O-O 11. Bd2 a6 12. a4 Bf5 13. Nh4 Be6 14. f4 Re8 15. Nf3 Rc8 16. Ng5 Bf5 17. Rfc1 Bb4 18. Bf3 Qd6 19. Ra2 Na5 20. Qd1 Nc4 21. g4 Nxe3 22. Bxe3 Rxe3 23. gxf5 Bxc3 24. Rg2 Rce8 25. Re2 Qxf4 0-1

[Event "Winnipeg op"]
[Site "Winnipeg CAN"]
[Date "2026.02.15"]
[Round "4.2"]
[White "Moncal, Nilo"]
[Black "Baron, Gustav"]
[Result "0-1"]
[WhiteElo "2034"]
[BlackElo "2068"]
[WhiteFideId "-1"]
[BlackFideId "-1"]
[PlyCount "72"]
[GameId "2285889403363761"]
[EventDate "2026.02.14"]
[EventType "swiss"]
[EventRounds "5"]
[EventCountry "CAN"]

1. e4 Nf6 2. Nc3 d5 3. exd5 Nxd5 4. Nge2 g6 5. Nxd5 Qxd5 6. Nc3 Qd6 7. Be2 Bg7 8. d3 O-O 9. O-O c6 10. Ne4 Qc7 11. Rb1 Nd7 12. b3 a5 13. Bb2 Bxb2 14. Rxb2 a4 15. c4 Qe5 16. Qd2 Rd8 17. Rbb1 Nf8 18. Qc3 Qxc3 19. Nxc3 a3 20. b4 Bf5 21. Rbd1 Rd4 22. Rd2 h5 23. Rfd1 e5 24. f3 Ne6 25. g3 Kg7 26. Kf2 g5 27. Bf1 f6 28. Ne2 Rd7 29. d4 exd4 30. Nxd4 Nxd4 31. Rxd4 Rxd4 32. Rxd4 Bb1 33. Rd7+ Kf8 34. Rxb7 Bxa2 35. b5 cxb5 36. Rxb5 Bb3 0-1

[Event "Winnipeg op"]
[Site "Winnipeg CAN"]
[Date "2026.02.15"]
[Round "4.3"]
[White "Fehr, Brody"]
[Black "Protsiuk, Svitlana"]
[Result "0-1"]
[WhiteElo "2044"]
[BlackElo "2087"]
[WhiteFideId "-1"]
[BlackFideId "-1"]
[PlyCount "78"]
[GameId "2285889403363762"]
[EventDate "2026.02.14"]
[EventType "swiss"]
[EventRounds "5"]
[EventCountry "CAN"]

1. e4 c5 2. Nf3 Nc6 3. c3 d5 4. exd5 Qxd5 5. d4 Bg4 6. Be2 cxd4 7. cxd4 e5 8. Nc3 Bb4 9. dxe5 Bxf3 10. Bxf3 Qxe5+ 11. Qe2 Qxe2+ 12. Bxe2 Nd4 13. Bd1 Ne7 14. Bd2 O-O 15. O-O Rfd8 16. a3 Ba5 17. b4 Bc7 18. Bg5 f6 19. Bh4 Ndf5 20. Bg3 Nxg3 21. hxg3 Be5 22. Rc1 Rac8 23. Bb3+ Kf8 24. Nb1 Nc6 25. Rfd1 Nd4 26. Rxc8 Rxc8 27. Bd5 Rd8 28. Nc3 Ke7 29. f4 Bc7 30. Kh2 Nc2 31. Rd2 Nxa3 32. Ra2 Nb1 33. Nxb1 Rxd5 34. Kh3 h5 35. Nc3 Rd3 36. Ne2 Bb6 37. Kh4 g6 38. Rb2 Rd1 39. g4 Bf2+ 0-1

[Event "Winnipeg op"]
[Site "Winnipeg CAN"]
[Date "2026.02.15"]
[Round "4.4"]
[White "Nagelberg, Alan"]
[Black "Wang, Lucas"]
[Result "1-0"]
[WhiteElo "1970"]
[BlackElo "1946"]
[WhiteFideId "-1"]
[BlackFideId "-1"]
[PlyCount "117"]
[GameId "2285889403363763"]
[EventDate "2026.02.14"]
[EventType "swiss"]
[EventRounds "5"]
[EventCountry "CAN"]

1. d4 d5 2. Nf3 Nf6 3. e3 Bg4 4. Nbd2 e6 5. h3 Bh5 6. g4 Bg6 7. Ne5 Nbd7 8. h4 h6 9. Nxg6 fxg6 10. Bd3 Kf7 11. h5 g5 12. Bg6+ Kg8 13. e4 dxe4 14. Nxe4 Be7 15. Nc3 Nf8 16. Bd3 c6 17. Be3 Bb4 18. a3 Bxc3+ 19. bxc3 Qd5 20. O-O g6 21. c4 Qd6 22. Qf3 Kg7 23. Rfb1 Rb8 24. d5 gxh5 25. Bxa7 Rd8 26. Rxb7+ Rd7 27. dxc6 Rxb7 28. cxb7 hxg4 29. Qxf6+ Kxf6 30. b8=Q Qxb8 31. Bxb8 Nd7 32. Bd6 h5 33. c5 Rc8 34. Ba6 Ra8 35. Bb7 Ra7 36. c6 Ne5 37. Bxe5+ Kxe5 38. c7 Rxb7 39. c8=Q Rf7 40. Re1+ Kf6 41. Qxe6+ Kg7 42. Qe8 h4 43. Re7 Rxe7 44. Qxe7+ Kg6 45. Qe8+ Kf6 46. Qe4 g3 47. fxg3 hxg3 48. Kg2 Kg7 49. Qe6 g4 50. a4 Kh7 51. Qxg4 Kh6 52. a5 Kh7 53. a6 Kh6 54. a7 Kh7 55. a8=N Kh6 56. Nc7 Kh7 57. Ne6 Kh6 58. Qg7+ Kh5 59. Qg5# 1-0

[Event "Winnipeg op"]
[Site "Winnipeg CAN"]
[Date "2026.02.15"]
[Round "4.5"]
[White "Vaughan, Nathan"]
[Black "Orcullo, Fernando"]
[Result "1-0"]
[WhiteElo "1938"]
[BlackElo "2018"]
[WhiteFideId "-1"]
[BlackFideId "-1"]
[PlyCount "133"]
[GameId "2285889403367860"]
[EventDate "2026.02.14"]
[EventType "swiss"]
[EventRounds "5"]
[EventCountry "CAN"]

1. e4 c6 2. d4 d5 3. exd5 cxd5 4. c4 e6 5. Nc3 dxc4 6. Bxc4 Nf6 7. Nf3 Be7 8. O-O O-O 9. d5 exd5 10. Nxd5 Nxd5 11. Bxd5 Nc6 12. Bxc6 bxc6 13. Qc2 Bb7 14. Be3 Qc7 15. Bc5 Bxc5 16. Qxc5 Rfd8 17. Rac1 Rd6 18. Nd4 Rf6 19. Rfe1 Qb6 20. b4 h6 21. Nb3 Rd8 22. Re7 Qa6 23. Qe3 Qb5 24. Nc5 Ba6 25. a4 Qxb4 26. Nxa6 Qxa4 27. Re8+ Rxe8 28. Qxe8+ Kh7 29. Nc5 Qa2 30. Rf1 Qd5 31. Nd7 Rd6 32. Nf8+ Kg8 33. Ng6+ Kh7 34. Ne7 Rd8 35. Qxc6 Qxc6 36. Nxc6 Ra8 37. Ra1 a6 38. Kf1 Kg6 39. Ra5 Kf6 40. Nb4 Rb8 41. Rxa6+ Kf5 42. Ra4 f6 43. Ke2 g5 44. g4+ Kg6 45. Nc6 Rb2+ 46. Kf3 h5 47. h3 hxg4+ 48. hxg4 f5 49. Ne7+ Kf6 50. Nxf5 Ke5 51. Ra5+ Kf6 52. Ra6+ Ke5 53. Rg6 Rb4 54. Ne3 Ra4 55. Rxg5+ Kf6 56. Rf5+ Kg6 57. Rb5 Kh6 58. Kg3 Kg6 59. Rb6+ Kh7 60. Kh4 Rf4 61. Kg3 Ra4 62. Nf5 Ra3+ 63. f3 Ra4 64. g5 Kh8 65. Rb7 Ra1 66. Kg4 Rh1 67. g6 1-0

[Event "Winnipeg op"]
[Site "Winnipeg CAN"]
[Date "2026.02.15"]
[Round "4.6"]
[White "Hui, Zelus"]
[Black "Kuryliw, Ray"]
[Result "1/2-1/2"]
[WhiteElo "1810"]
[BlackElo "1894"]
[WhiteFideId "-1"]
[BlackFideId "-1"]
[PlyCount "120"]
[GameId "2285889403367861"]
[EventDate "2026.02.14"]
[EventType "swiss"]
[EventRounds "5"]
[EventCountry "CAN"]

1. e4 c6 2. d4 d5 3. e5 c5 4. c3 Nc6 5. Nf3 cxd4 6. cxd4 Bg4 7. Be2 e6 8. Be3 Nge7 9. O-O Nf5 10. Nc3 a6 11. Qd2 Be7 12. a3 Bxf3 13. Bxf3 Na5 14. Qc2 Rc8 15. Be2 O-O 16. b4 Nc4 17. Bxc4 Rxc4 18. Qd2 Qd7 19. Rac1 Rfc8 20. Nb1 b5 21. Rxc4 Rxc4 22. Rc1 f6 23. Rxc4 dxc4 24. Nc3 fxe5 25. dxe5 Qxd2 26. Bxd2 Nd4 27. Kf1 Kf8 28. Ne4 Ke8 29. Bc3 Nc6 30. Ke2 Kd7 31. Ke3 Nd8 32. Bd4 Nb7 33. Nc5+ Bxc5 34. Bxc5 Kc6 35. Be7 Kd5 36. f4 a5 37. g3 axb4 38. axb4 g6 39. Bf6 Kc6 40. Kd4 Kd7 41. h3 Nd8 42. Bxd8 Kxd8 43. Ke4 Ke7 44. g4 Kd7 45. g5 Kc7 46. Ke3 Kc6 47. Kd4 Kc7 48. Ke4 Kd7 49. Ke3 Ke7 50. Ke4 Kf7 51. Ke3 h6 52. h4 h5 53. Ke4 Ke8 54. Ke3 Kd7 55. Ke4 Kc7 56. Ke3 Kc6 57. Kd4 Kb6 58. Ke4 Kb7 59. Ke3 Kb6 60. Ke4 Kc6 1/2-1/2

[Event "Winnipeg op"]
[Site "Winnipeg CAN"]
[Date "2026.02.15"]
[Round "4.7"]
[White "Punay, Rhailey"]
[Black "Bonness, Will"]
[Result "1-0"]
[WhiteElo "2017"]
[BlackElo "1890"]
[WhiteFideId "-1"]
[BlackFideId "-1"]
[PlyCount "129"]
[GameId "2285889403371958"]
[EventDate "2026.02.14"]
[EventType "swiss"]
[EventRounds "5"]
[EventCountry "CAN"]

1. e4 d5 2. exd5 Qxd5 3. Nc3 Qd8 4. d4 Nf6 5. Nf3 Bg4 6. h3 Bxf3 7. Qxf3 c6 8. Be3 e6 9. Bc4 Bb4 10. O-O O-O 11. Ne2 Nbd7 12. c3 Bd6 13. Bb3 Qc7 14. Nf4 Nd5 15. Nxd5 cxd5 16. Bc2 Rfe8 17. Qh5 g6 18. Qh4 Be7 19. Bg5 Bxg5 20. Qxg5 Qd8 21. Qh6 Qf6 22. Rae1 b5 23. Re3 Qg7 24. Qf4 Qf6 25. Qc7 Qd8 26. Qc6 Rb8 27. Qd6 Qe7 28. Qf4 Qf6 29. Qc7 Qd8 30. Qxa7 Nb6 31. Qa5 Qd6 32. Qb4 Qc6 33. b3 Rec8 34. Bb1 Qd7 35. h4 Qd8 36. h5 Nd7 37. hxg6 hxg6 38. Qd6 Qc7 39. Qe7 Qd8 40. Qd6 Qc7 41. Qa3 Kg7 42. Qe7 Re8 43. Qg5 Rh8 44. g3 Rh5 45. Qg4 Nf6 46. Qe2 Rbh8 47. Rd1 Ne4 48. Bxe4 dxe4 49. Rxe4 Qxc3 50. Qd3 Qc6 51. Kf1 Rh1+ 52. Ke2 Rxd1 53. Kxd1 Rc8 54. Ke2 Ra8 55. Re5 Rxa2+ 56. Ke3 Qc1+ 57. Kf3 Rd2 58. Qe3 b4 59. Kg2 Qd1 60. Rb5 Re2 61. Qf3 Qd2 62. Rb7 Qc2 63. Qxf7+ Kh6 64. Qh7+ Kg5 65. Qh4+ 1-0

[Event "Winnipeg op"]
[Site "Winnipeg CAN"]
[Date "2026.02.15"]
[Round "4.8"]
[White "Ling, Aiden"]
[Black "Hamm, Gabriel"]
[Result "1-0"]
[WhiteElo "1771"]
[BlackElo "2044"]
[WhiteFideId "-1"]
[BlackFideId "-1"]
[PlyCount "85"]
[GameId "2285889403371959"]
[EventDate "2026.02.14"]
[EventType "swiss"]
[EventRounds "5"]
[EventCountry "CAN"]

1. e4 c5 2. Nc3 Nc6 3. g3 g6 4. Bg2 Bg7 5. d3 e6 6. Be3 d6 7. Nge2 Nge7 8. Qd2 O-O 9. Bh6 Nd4 10. Bxg7 Kxg7 11. h4 h6 12. h5 g5 13. f4 Nec6 14. fxg5 Qxg5 15. Qxg5+ hxg5 16. O-O-O b5 17. Nxd4 Nxd4 18. e5 d5 19. Kd2 Bd7 20. Ne2 Nc6 21. c4 bxc4 22. dxc4 dxc4 23. Kc3 Rad8 24. Rxd7 Rxd7 25. Bxc6 Rd3+ 26. Kxc4 Re3 27. Nc3 Rxe5 28. g4 Rb8 29. h6+ Kg6 30. Ne4 Rh8 31. Nxc5 Rxh6 32. Rxh6+ Kxh6 33. b4 f5 34. a4 f4 35. b5 Re1 36. a5 Rc1+ 37. Kb4 Rb1+ 38. Nb3 Rd1 39. b6 axb6 40. axb6 Rd8 41. Nc5 e5 42. b7 Kg6 43. Nd7 1-0

[Event "Winnipeg op"]
[Site "Winnipeg CAN"]
[Date "2026.02.15"]
[Round "4.9"]
[White "Minano, John"]
[Black "Pottinger, Carl"]
[Result "1/2-1/2"]
[WhiteElo "1711"]
[BlackElo "1833"]
[WhiteFideId "-1"]
[BlackFideId "-1"]
[PlyCount "133"]
[GameId "2285889403371960"]
[EventDate "2026.02.14"]
[EventType "swiss"]
[EventRounds "5"]
[EventCountry "CAN"]

1. Nf3 d5 2. c4 d4 3. e3 c5 4. exd4 cxd4 5. b4 g6 6. Bb2 Bg7 7. d3 Nh6 8. Be2 O-O 9. O-O Na6 10. a3 b6 11. Nbd2 Bb7 12. Rc1 Rc8 13. Nb3 e5 14. Re1 Re8 15. Bf1 f6 16. Nbd2 Nf7 17. g3 Bh6 18. Rc2 Ng5 19. Nxg5 Bxg5 20. Ne4 Bh6 21. Bc1 Bxc1 22. Qxc1 Kg7 23. Bg2 Ba8 24. f4 f5 25. Ng5 Bxg2 26. Rxg2 h6 27. Nf3 e4 28. dxe4 fxe4 29. Ne5 e3 30. Qc2 Qf6 31. Qe4 Rcd8 32. Rd1 Qf5 33. Qxf5 gxf5 34. Kf1 Rd6 35. Rc2 Rc8 36. Ke2 Kf6 37. Nd3 Nc7 38. Rdc1 Ne6 39. Ne5 h5 40. c5 bxc5 41. bxc5 Ra6 42. Ra2 Ke7 43. Nd3 Nc7 44. Nb4 Ra5 45. Nc6+ Ke6 46. Nxa5 Nb5 47. Nb3 Kd5 48. Raa1 Ke4 49. Nxd4 Nxd4+ 50. Ke1 Nb3 51. Rab1 Nxc1 52. Rxc1 Rc6 53. Ke2 h4 54. Rc4+ Kd5 55. Rc3 hxg3 56. hxg3 Kd4 57. Rd3+ Kc4 58. Rxe3 Rxc5 59. Re5 Rxe5+ 60. fxe5 Kd5 61. e6 Kxe6 62. Kf3 Ke5 63. Ke3 Kf6 64. Kf4 Kg6 65. a4 a5 66. g4 fxg4 67. Kxg4 1/2-1/2

[Event "Winnipeg op"]
[Site "Winnipeg CAN"]
[Date "2026.02.15"]
[Round "4.10"]
[White "Moeez, Abdul"]
[Black "Jin, Winston"]
[Result "0-1"]
[WhiteElo "1816"]
[BlackElo "1792"]
[WhiteFideId "-1"]
[BlackFideId "-1"]
[PlyCount "106"]
[GameId "2285889403371961"]
[EventDate "2026.02.14"]
[EventType "swiss"]
[EventRounds "5"]
[EventCountry "CAN"]

1. e4 c5 2. Nc3 e6 3. Bc4 a6 4. a4 Nc6 5. d3 d6 6. Nf3 Nf6 7. O-O b6 8. Bg5 Be7 9. d4 cxd4 10. Nxd4 Nxd4 11. Qxd4 O-O 12. Rad1 Qc7 13. Bd3 Bb7 14. Rfe1 h6 15. Bxh6 e5 16. Qe3 Ng4 17. Qh3 Nxh6 18. Re3 Qc8 19. Rde1 Qxh3 20. Rxh3 Rfe8 21. Bc4 Rad8 22. Bd5 Bxd5 23. Nxd5 Rc8 24. Re2 Rb8 25. Rb3 Bd8 26. Ree3 Ng4 27. Rec3 Nf6 28. Nxf6+ Bxf6 29. Rc6 Rec8 30. Rxd6 Rxc2 31. f3 Rc1+ 32. Kf2 Ra1 33. Rbxb6 Rxb6 34. Rxb6 Rxa4 35. Kg3 a5 36. Kg4 Be7 37. Rb8+ Kh7 38. Rb7 Bb4 39. Rxf7 Ra2 40. Kf5 Rxb2 41. g4 Rxh2 42. Kxe5 a4 43. Ra7 a3 44. Kd4 Rf2 45. Kc4 Bf8 46. e5 Rxf3 47. Kd5 Re3 48. Ke6 Re2 49. Kf7 Bb4 50. e6 a2 51. g5 Bc3 52. g6+ Kh6 53. e7 a1=Q 0-1

[Event "Winnipeg op"]
[Site "Winnipeg CAN"]
[Date "2026.02.15"]
[Round "4.11"]
[White "Lake, Pablo"]
[Black "Zhang, Nicole"]
[Result "1-0"]
[WhiteElo "1707"]
[BlackElo "1844"]
[WhiteFideId "-1"]
[BlackFideId "-1"]
[PlyCount "47"]
[GameId "2285889403376058"]
[EventDate "2026.02.14"]
[EventType "swiss"]
[EventRounds "5"]
[EventCountry "CAN"]

1. e4 e5 2. Nc3 Nf6 3. f4 d5 4. fxe5 Nxe4 5. Qf3 Nxc3 6. bxc3 Nc6 7. d4 Be7 8. Bd3 Be6 9. Ne2 Qd7 10. h3 O-O 11. O-O f6 12. Qh5 g6 13. Bxg6 hxg6 14. Qxg6+ Kh8 15. exf6 Bd6 16. Bh6 Rf7 17. Bg7+ Kg8 18. Qh6 Rxg7 19. fxg7 Qxg7 20. Qxe6+ Kh8 21. Rf5 Qh7 22. Qf6+ Qg7 23. Rh5+ Kg8 24. Rg5 1-0